A better place? (Record no. 104329)

MARC details
000 -LEADER
fixed length control field 01286cam a2200205 4500
001 - CONTROL NUMBER
control field L130014
008 - FIXED-LENGTH DATA ELEMENTS--GENERAL INFORMATION
fixed length control field 050614n2005 000 0 eng u
035 ## - SYSTEM CONTROL NUMBER
System control number (Sirsi) u130014
041 ## - LANGUAGE CODE
Language code of text/sound track or separate title eng
110 ## - MAIN ENTRY--CORPORATE NAME
Corporate name or jurisdiction name as entry element England and Wales
Subordinate unit Environment Agency
9 (RLIN) 2469
245 #2 - TITLE STATEMENT
Title A better place?
Remainder of title state of the environment 2005
260 ## - PUBLICATION, DISTRIBUTION, ETC.
Place of publication, distribution, etc. Bristol
Name of publisher, distributor, etc. Environment Agency
Date of publication, distribution, etc. 2005
300 ## - PHYSICAL DESCRIPTION
Extent 20p.
520 ## - SUMMARY, ETC.
Summary, etc. Presents the Environment Agency's (EA) latest overview of the state of the environment in England and Wales. It examines what the environment is like now and how it has changed over the past five years and highlights what EA and others still need to do to protect and improve the environment. The report covers the following topics: where we live; wildlife; air quality; water; land; waste and resources; climate change; and flooding. Each topic offers a key fact, a better or worse analysis and a what we need to do statement. Concludes with an overall summary sheet.
520 ## - SUMMARY, ETC.
Summary, etc. Item not found when searched for online 12/9/2011
590 ## - LOCAL NOTE (RLIN)
Local note IKA040705
690 ## - LOCAL SUBJECT ADDED ENTRY--TOPICAL TERM (OCLC, RLIN)
Topical term or geographic name as entry element ENVIRONMENTAL AND LAND CONSULTANCY-ENVIRONMENTAL MANAGEMENT
856 ## - ELECTRONIC LOCATION AND ACCESS
Uniform Resource Identifier <a href="https://www.environment-agency.gov.uk/yourenv/1088978/">https://www.environment-agency.gov.uk/yourenv/1088978/</a>
Public note View the report free of charge at www.environment-agency.gov.uk...
942 ## - ADDED ENTRY ELEMENTS (KOHA)
Suppress in OPAC 0
Holdings
Withdrawn status Lost status Source of classification or shelving scheme Damaged status Not for loan Home library Current library Shelving location Date acquired Total Checkouts Full call number Barcode Date last seen Copy number Price effective from Koha item type
    Dewey Decimal Classification     Virtual Virtual Online 14/06/2005   ONLINE PUBLICATION 130014-2001 06/08/2019 1 06/08/2019 Book